| 000 | 00726nam a2200289Ia 4500 | ||
|---|---|---|---|
| 003 | SMC | ||
| 005 | 20160721100450.0 | ||
| 008 | 160319s9999 xx 000 0 und d | ||
| 020 | _a971-554-093-7 | ||
| 050 | _aFIL HF 3811.8 | ||
| 050 | _b.P45L43 1994 | ||
| 245 | _aHow to export : | ||
| 245 | _bthe complete procedural guidebook / | ||
| 250 | _a3rd Edition | ||
| 260 | _aManila: | ||
| 260 | _bSinag-Tala Pub. Inc., | ||
| 260 | _c1994 | ||
| 300 | _a208 pages : | ||
| 300 | _billustrations ; | ||
| 300 | _c22 cm. | ||
| 440 | _aLearn it the right way! | ||
| 500 | _aIncludes index. | ||
| 650 | _aCommerce. | ||
| 650 | _aExport marketing -- | ||
| 650 | _xHandbooks, manuals, etc. | ||
| 942 |
_2lcc _cBK |
||
| 999 |
_c291680 _d291680 |
||